<?xml version="1.0" encoding="UTF-8"?>
<record
    xmlns:xsi="http://www.w3.org/2001/XMLSchema-instance"
    xsi:schemaLocation="http://www.loc.gov/MARC21/slim http://www.loc.gov/standards/marcxml/schema/MARC21slim.xsd"
    xmlns="http://www.loc.gov/MARC21/slim">

  <leader>00767cam a2200205 a 4500</leader>
  <controlfield tag="003">OSt</controlfield>
  <controlfield tag="005">20150408113825.0</controlfield>
  <controlfield tag="008">060405s2005    su     g      00010cara c</controlfield>
  <datafield tag="040" ind1=" " ind2=" ">
    <subfield code="a">mu</subfield>
    <subfield code="b">ara</subfield>
    <subfield code="c">mb</subfield>
  </datafield>
  <datafield tag="082" ind1="0" ind2="4">
    <subfield code="a">922.3</subfield>
    <subfield code="b">&#x62C; &#x639; &#x62C;</subfield>
    <subfield code="2">21</subfield>
  </datafield>
  <datafield tag="100" ind1="1" ind2=" ">
    <subfield code="a">&#x627;&#x628;&#x646; &#x627;&#x644;&#x62C;&#x648;&#x632;&#x64A;&#x60C; &#x639;&#x628;&#x62F; &#x627;&#x644;&#x631;&#x62D;&#x645;&#x646; &#x628;&#x646; &#x639;&#x644;&#x64A; &#x628;&#x646; &#x645;&#x62D;&#x645;&#x62F;&#x60C;</subfield>
    <subfield code="d">508-597 &#x647;&#x640;.</subfield>
    <subfield code="9">5110</subfield>
  </datafield>
  <datafield tag="245" ind1="1" ind2="0">
    <subfield code="a">&#x62C;&#x627;&#x645;&#x639; &#x627;&#x644;&#x645;&#x633;&#x627;&#x646;&#x64A;&#x62F; /</subfield>
    <subfield code="c">&#x627;&#x628;&#x646; &#x627;&#x644;&#x62C;&#x648;&#x632;&#x64A; &#x61B; &#x62A;&#x62D;&#x642;&#x64A;&#x642; &#x639;&#x644;&#x64A; &#x62D;&#x633;&#x64A;&#x646; &#x627;&#x644;&#x628;&#x648;&#x627;&#x628;.</subfield>
  </datafield>
  <datafield tag="250" ind1=" " ind2=" ">
    <subfield code="a">&#x637;. 1.</subfield>
  </datafield>
  <datafield tag="260" ind1=" " ind2=" ">
    <subfield code="a">&#x627;&#x644;&#x631;&#x64A;&#x627;&#x636; :</subfield>
    <subfield code="b">&#x645;&#x643;&#x62A;&#x628;&#x629; &#x627;&#x644;&#x631;&#x634;&#x62F; &#x646;&#x627;&#x634;&#x631;&#x648;&#x646;&#x60C;</subfield>
    <subfield code="c">2005</subfield>
  </datafield>
  <datafield tag="300" ind1=" " ind2=" ">
    <subfield code="a">8 &#x62C;</subfield>
    <subfield code="c">24 &#x633;&#x645;.</subfield>
  </datafield>
  <datafield tag="650" ind1=" " ind2="7">
    <subfield code="a">&#x627;&#x644;&#x62D;&#x62F;&#x64A;&#x62B;</subfield>
    <subfield code="x">&#x62A;&#x631;&#x627;&#x62C;&#x645; &#x627;&#x644;&#x631;&#x648;&#x627;&#x629;</subfield>
    <subfield code="2">aucsh</subfield>
  </datafield>
  <datafield tag="650" ind1=" " ind2="7">
    <subfield code="a">&#x627;&#x644;&#x62D;&#x62F;&#x64A;&#x62B;</subfield>
    <subfield code="x">&#x627;&#x644;&#x645;&#x633;&#x627;&#x646;&#x64A;&#x62F;</subfield>
    <subfield code="2">aucsh</subfield>
  </datafield>
  <datafield tag="700" ind1="1" ind2=" ">
    <subfield code="a">&#x627;&#x644;&#x628;&#x648;&#x627;&#x628;&#x60C; &#x639;&#x644;&#x64A; &#x62D;&#x633;&#x64A;&#x646;</subfield>
    <subfield code="e">&#x645;&#x62D;&#x642;&#x642;.</subfield>
    <subfield code="9">1661</subfield>
  </datafield>
  <datafield tag="942" ind1=" " ind2=" ">
    <subfield code="2">ddc</subfield>
    <subfield code="c">BOOK</subfield>
  </datafield>
  <datafield tag="999" ind1=" " ind2=" ">
    <subfield code="c">7638</subfield>
    <subfield code="d">242138</subfield>
  </datafield>
  <datafield tag="952" ind1=" " ind2=" ">
    <subfield code="1">0</subfield>
    <subfield code="2">2013-03-10</subfield>
    <subfield code="4">0</subfield>
    <subfield code="7">0</subfield>
    <subfield code="a">922.3 &#xC3;&#x98;&#xC2;&#xAC;1 &#xC3;&#x98;&#xC2;&#xAC; &#xC3;&#x98;&#xC2;&#xB9; &#xC3;&#x98;&#xC2;&#xAC; </subfield>
    <subfield code="d">2011-08-02</subfield>
    <subfield code="h">CL</subfield>
    <subfield code="i">00063101</subfield>
    <subfield code="m">CL</subfield>
    <subfield code="r">2013-03-10 00:00:00</subfield>
    <subfield code="t">REF</subfield>
    <subfield code="w">ddc</subfield>
    <subfield code="y">0</subfield>
  </datafield>
  <datafield tag="952" ind1=" " ind2=" ">
    <subfield code="1">0</subfield>
    <subfield code="2">2013-03-10</subfield>
    <subfield code="4">0</subfield>
    <subfield code="7">0</subfield>
    <subfield code="a">922.3 &#xC3;&#x98;&#xC2;&#xAC;1 &#xC3;&#x98;&#xC2;&#xAC; &#xC3;&#x98;&#xC2;&#xB9; &#xC3;&#x98;&#xC2;&#xAC; </subfield>
    <subfield code="d">2011-08-02</subfield>
    <subfield code="h">CL</subfield>
    <subfield code="i">00063098</subfield>
    <subfield code="m">CL</subfield>
    <subfield code="r">2013-03-10 00:00:00</subfield>
    <subfield code="t">REF</subfield>
    <subfield code="w">ddc</subfield>
    <subfield code="y">0</subfield>
  </datafield>
  <datafield tag="952" ind1=" " ind2=" ">
    <subfield code="1">0</subfield>
    <subfield code="2">2013-03-10</subfield>
    <subfield code="4">0</subfield>
    <subfield code="7">0</subfield>
    <subfield code="a">922.3 &#xC3;&#x98;&#xC2;&#xAC;2 &#xC3;&#x98;&#xC2;&#xAC; &#xC3;&#x98;&#xC2;&#xB9; &#xC3;&#x98;&#xC2;&#xAC; </subfield>
    <subfield code="d">2011-08-02</subfield>
    <subfield code="h">CL</subfield>
    <subfield code="i">00063097</subfield>
    <subfield code="m">CL</subfield>
    <subfield code="r">2013-03-10 00:00:00</subfield>
    <subfield code="t">REF</subfield>
    <subfield code="w">ddc</subfield>
    <subfield code="y">0</subfield>
  </datafield>
  <datafield tag="952" ind1=" " ind2=" ">
    <subfield code="1">0</subfield>
    <subfield code="2">2013-03-10</subfield>
    <subfield code="4">0</subfield>
    <subfield code="7">0</subfield>
    <subfield code="a">922.3 &#xC3;&#x98;&#xC2;&#xAC;2 &#xC3;&#x98;&#xC2;&#xAC; &#xC3;&#x98;&#xC2;&#xB9; &#xC3;&#x98;&#xC2;&#xAC; </subfield>
    <subfield code="d">2011-08-02</subfield>
    <subfield code="h">CL</subfield>
    <subfield code="i">00063112</subfield>
    <subfield code="m">CL</subfield>
    <subfield code="r">2013-03-10 00:00:00</subfield>
    <subfield code="t">REF</subfield>
    <subfield code="w">ddc</subfield>
    <subfield code="y">0</subfield>
  </datafield>
  <datafield tag="952" ind1=" " ind2=" ">
    <subfield code="1">0</subfield>
    <subfield code="2">2013-03-10</subfield>
    <subfield code="4">0</subfield>
    <subfield code="7">0</subfield>
    <subfield code="a">922.3 &#xC3;&#x98;&#xC2;&#xAC;3 &#xC3;&#x98;&#xC2;&#xAC; &#xC3;&#x98;&#xC2;&#xB9; &#xC3;&#x98;&#xC2;&#xAC; </subfield>
    <subfield code="d">2011-08-02</subfield>
    <subfield code="h">CL</subfield>
    <subfield code="i">00063113</subfield>
    <subfield code="m">CL</subfield>
    <subfield code="r">2013-03-10 00:00:00</subfield>
    <subfield code="t">REF</subfield>
    <subfield code="w">ddc</subfield>
    <subfield code="y">0</subfield>
  </datafield>
  <datafield tag="952" ind1=" " ind2=" ">
    <subfield code="1">0</subfield>
    <subfield code="2">2013-03-10</subfield>
    <subfield code="4">0</subfield>
    <subfield code="7">0</subfield>
    <subfield code="a">922.3 &#xC3;&#x98;&#xC2;&#xAC;3 &#xC3;&#x98;&#xC2;&#xAC; &#xC3;&#x98;&#xC2;&#xB9; &#xC3;&#x98;&#xC2;&#xAC; </subfield>
    <subfield code="d">2011-08-02</subfield>
    <subfield code="h">CL</subfield>
    <subfield code="i">00063096</subfield>
    <subfield code="m">CL</subfield>
    <subfield code="r">2013-03-10 00:00:00</subfield>
    <subfield code="t">REF</subfield>
    <subfield code="w">ddc</subfield>
    <subfield code="y">0</subfield>
  </datafield>
  <datafield tag="952" ind1=" " ind2=" ">
    <subfield code="1">0</subfield>
    <subfield code="2">2013-03-10</subfield>
    <subfield code="4">0</subfield>
    <subfield code="7">0</subfield>
    <subfield code="a">922.3 &#xC3;&#x98;&#xC2;&#xAC;4 &#xC3;&#x98;&#xC2;&#xAC; &#xC3;&#x98;&#xC2;&#xB9; &#xC3;&#x98;&#xC2;&#xAC; </subfield>
    <subfield code="d">2011-08-02</subfield>
    <subfield code="h">CL</subfield>
    <subfield code="i">00063095</subfield>
    <subfield code="m">CL</subfield>
    <subfield code="r">2013-03-10 00:00:00</subfield>
    <subfield code="t">REF</subfield>
    <subfield code="w">ddc</subfield>
    <subfield code="y">0</subfield>
  </datafield>
  <datafield tag="952" ind1=" " ind2=" ">
    <subfield code="1">0</subfield>
    <subfield code="2">2013-03-10</subfield>
    <subfield code="4">0</subfield>
    <subfield code="7">0</subfield>
    <subfield code="a">922.3 &#xC3;&#x98;&#xC2;&#xAC;4 &#xC3;&#x98;&#xC2;&#xAC; &#xC3;&#x98;&#xC2;&#xB9; &#xC3;&#x98;&#xC2;&#xAC; </subfield>
    <subfield code="d">2011-08-02</subfield>
    <subfield code="h">CL</subfield>
    <subfield code="i">00063114</subfield>
    <subfield code="m">CL</subfield>
    <subfield code="r">2013-03-10 00:00:00</subfield>
    <subfield code="t">REF</subfield>
    <subfield code="w">ddc</subfield>
    <subfield code="y">0</subfield>
  </datafield>
  <datafield tag="952" ind1=" " ind2=" ">
    <subfield code="1">0</subfield>
    <subfield code="2">2013-03-10</subfield>
    <subfield code="4">0</subfield>
    <subfield code="7">0</subfield>
    <subfield code="a">922.3 &#xC3;&#x98;&#xC2;&#xAC;5 &#xC3;&#x98;&#xC2;&#xAC; &#xC3;&#x98;&#xC2;&#xB9; &#xC3;&#x98;&#xC2;&#xAC; </subfield>
    <subfield code="d">2011-08-02</subfield>
    <subfield code="h">CL</subfield>
    <subfield code="i">00063094</subfield>
    <subfield code="m">CL</subfield>
    <subfield code="r">2013-03-10 00:00:00</subfield>
    <subfield code="t">REF</subfield>
    <subfield code="w">ddc</subfield>
    <subfield code="y">0</subfield>
  </datafield>
  <datafield tag="952" ind1=" " ind2=" ">
    <subfield code="1">0</subfield>
    <subfield code="2">2013-03-10</subfield>
    <subfield code="4">0</subfield>
    <subfield code="7">0</subfield>
    <subfield code="a">922.3 &#xC3;&#x98;&#xC2;&#xAC;5 &#xC3;&#x98;&#xC2;&#xAC; &#xC3;&#x98;&#xC2;&#xB9; &#xC3;&#x98;&#xC2;&#xAC; </subfield>
    <subfield code="d">2011-08-02</subfield>
    <subfield code="h">CL</subfield>
    <subfield code="i">00063109</subfield>
    <subfield code="m">CL</subfield>
    <subfield code="r">2013-03-10 00:00:00</subfield>
    <subfield code="t">REF</subfield>
    <subfield code="w">ddc</subfield>
    <subfield code="y">0</subfield>
  </datafield>
  <datafield tag="952" ind1=" " ind2=" ">
    <subfield code="1">0</subfield>
    <subfield code="2">2013-03-10</subfield>
    <subfield code="4">0</subfield>
    <subfield code="7">0</subfield>
    <subfield code="a">922.3  &#xC3;&#x98;&#xC2;&#xAC;6 &#xC3;&#x98;&#xC2;&#xAC; &#xC3;&#x98;&#xC2;&#xB9; &#xC3;&#x98;&#xC2;&#xAC;</subfield>
    <subfield code="d">2011-08-02</subfield>
    <subfield code="h">CL</subfield>
    <subfield code="i">00063110</subfield>
    <subfield code="m">CL</subfield>
    <subfield code="r">2013-03-10 00:00:00</subfield>
    <subfield code="t">REF</subfield>
    <subfield code="w">ddc</subfield>
    <subfield code="y">0</subfield>
  </datafield>
  <datafield tag="952" ind1=" " ind2=" ">
    <subfield code="1">0</subfield>
    <subfield code="2">2013-03-10</subfield>
    <subfield code="4">0</subfield>
    <subfield code="7">0</subfield>
    <subfield code="a">922.3  &#xC3;&#x98;&#xC2;&#xAC;6 &#xC3;&#x98;&#xC2;&#xAC; &#xC3;&#x98;&#xC2;&#xB9; &#xC3;&#x98;&#xC2;&#xAC;</subfield>
    <subfield code="d">2011-08-02</subfield>
    <subfield code="h">CL</subfield>
    <subfield code="i">00063100</subfield>
    <subfield code="m">CL</subfield>
    <subfield code="r">2013-03-10 00:00:00</subfield>
    <subfield code="t">REF</subfield>
    <subfield code="w">ddc</subfield>
    <subfield code="y">0</subfield>
  </datafield>
  <datafield tag="952" ind1=" " ind2=" ">
    <subfield code="1">0</subfield>
    <subfield code="2">2013-03-10</subfield>
    <subfield code="4">0</subfield>
    <subfield code="7">0</subfield>
    <subfield code="a">922.3  &#xC3;&#x98;&#xC2;&#xAC;7 &#xC3;&#x98;&#xC2;&#xAC; &#xC3;&#x98;&#xC2;&#xB9; &#xC3;&#x98;&#xC2;&#xAC;</subfield>
    <subfield code="d">2011-08-02</subfield>
    <subfield code="h">CL</subfield>
    <subfield code="i">00063111</subfield>
    <subfield code="m">CL</subfield>
    <subfield code="r">2013-03-10 00:00:00</subfield>
    <subfield code="t">REF</subfield>
    <subfield code="w">ddc</subfield>
    <subfield code="y">0</subfield>
  </datafield>
  <datafield tag="952" ind1=" " ind2=" ">
    <subfield code="1">0</subfield>
    <subfield code="2">2013-03-10</subfield>
    <subfield code="4">0</subfield>
    <subfield code="7">0</subfield>
    <subfield code="a">922.3  &#xC3;&#x98;&#xC2;&#xAC;7 &#xC3;&#x98;&#xC2;&#xAC; &#xC3;&#x98;&#xC2;&#xB9; &#xC3;&#x98;&#xC2;&#xAC;</subfield>
    <subfield code="d">2011-08-02</subfield>
    <subfield code="h">CL</subfield>
    <subfield code="i">00063093</subfield>
    <subfield code="m">CL</subfield>
    <subfield code="r">2013-03-10 00:00:00</subfield>
    <subfield code="t">REF</subfield>
    <subfield code="w">ddc</subfield>
    <subfield code="y">0</subfield>
  </datafield>
  <datafield tag="952" ind1=" " ind2=" ">
    <subfield code="1">0</subfield>
    <subfield code="2">2013-03-10</subfield>
    <subfield code="4">0</subfield>
    <subfield code="7">0</subfield>
    <subfield code="a">922.3  &#xC3;&#x98;&#xC2;&#xAC;8 &#xC3;&#x98;&#xC2;&#xAC; &#xC3;&#x98;&#xC2;&#xB9; &#xC3;&#x98;&#xC2;&#xAC;</subfield>
    <subfield code="d">2011-08-02</subfield>
    <subfield code="h">CL</subfield>
    <subfield code="i">00063092</subfield>
    <subfield code="m">CL</subfield>
    <subfield code="r">2013-03-10 00:00:00</subfield>
    <subfield code="t">REF</subfield>
    <subfield code="w">ddc</subfield>
    <subfield code="y">0</subfield>
  </datafield>
  <datafield tag="952" ind1=" " ind2=" ">
    <subfield code="1">0</subfield>
    <subfield code="2">2013-03-10</subfield>
    <subfield code="4">0</subfield>
    <subfield code="7">0</subfield>
    <subfield code="a">922.3  &#xC3;&#x98;&#xC2;&#xAC;8 &#xC3;&#x98;&#xC2;&#xAC; &#xC3;&#x98;&#xC2;&#xB9; &#xC3;&#x98;&#xC2;&#xAC;</subfield>
    <subfield code="d">2011-08-02</subfield>
    <subfield code="h">CL</subfield>
    <subfield code="i">00063115</subfield>
    <subfield code="m">CL</subfield>
    <subfield code="r">2013-03-10 00:00:00</subfield>
    <subfield code="t">REF</subfield>
    <subfield code="w">ddc</subfield>
    <subfield code="y">0</subfield>
  </datafield>
  <datafield tag="952" ind1=" " ind2=" ">
    <subfield code="1">0</subfield>
    <subfield code="2">2013-03-10</subfield>
    <subfield code="4">0</subfield>
    <subfield code="7">0</subfield>
    <subfield code="a">922.3 &#x62C;1 &#x62C; &#x639; &#x62C;</subfield>
    <subfield code="d">2011-10-11</subfield>
    <subfield code="h">CL</subfield>
    <subfield code="i">00066136</subfield>
    <subfield code="m">CL</subfield>
    <subfield code="r">2013-03-10 00:00:00</subfield>
    <subfield code="t">BOOK</subfield>
    <subfield code="w">ddc</subfield>
    <subfield code="y">0</subfield>
  </datafield>
  <datafield tag="952" ind1=" " ind2=" ">
    <subfield code="1">0</subfield>
    <subfield code="2">2013-03-10</subfield>
    <subfield code="4">0</subfield>
    <subfield code="7">0</subfield>
    <subfield code="a">922.3 &#x62C;2 &#x62C; &#x639; &#x62C;</subfield>
    <subfield code="d">2011-10-11</subfield>
    <subfield code="h">CL</subfield>
    <subfield code="i">00066135</subfield>
    <subfield code="m">CL</subfield>
    <subfield code="r">2013-03-10 00:00:00</subfield>
    <subfield code="t">BOOK</subfield>
    <subfield code="w">ddc</subfield>
    <subfield code="y">0</subfield>
  </datafield>
  <datafield tag="952" ind1=" " ind2=" ">
    <subfield code="1">0</subfield>
    <subfield code="2">2013-03-10</subfield>
    <subfield code="4">0</subfield>
    <subfield code="7">0</subfield>
    <subfield code="a">922.3 &#x62C;3 &#x62C; &#x639; &#x62C;</subfield>
    <subfield code="d">2011-10-11</subfield>
    <subfield code="h">CL</subfield>
    <subfield code="i">00066134</subfield>
    <subfield code="m">CL</subfield>
    <subfield code="r">2013-03-10 00:00:00</subfield>
    <subfield code="t">BOOK</subfield>
    <subfield code="w">ddc</subfield>
    <subfield code="y">0</subfield>
  </datafield>
  <datafield tag="952" ind1=" " ind2=" ">
    <subfield code="1">0</subfield>
    <subfield code="2">2013-03-10</subfield>
    <subfield code="4">0</subfield>
    <subfield code="7">0</subfield>
    <subfield code="a">922.3 &#x62C;4 &#x62C; &#x639; &#x62C;</subfield>
    <subfield code="d">2011-10-11</subfield>
    <subfield code="h">CL</subfield>
    <subfield code="i">00066133</subfield>
    <subfield code="m">CL</subfield>
    <subfield code="r">2013-03-10 00:00:00</subfield>
    <subfield code="t">BOOK</subfield>
    <subfield code="w">ddc</subfield>
    <subfield code="y">0</subfield>
  </datafield>
  <datafield tag="952" ind1=" " ind2=" ">
    <subfield code="1">0</subfield>
    <subfield code="2">2013-03-10</subfield>
    <subfield code="4">0</subfield>
    <subfield code="7">0</subfield>
    <subfield code="a">922.3 &#x62C;5 &#x62C; &#x639; &#x62C;</subfield>
    <subfield code="d">2011-10-11</subfield>
    <subfield code="h">CL</subfield>
    <subfield code="i">00066132</subfield>
    <subfield code="m">CL</subfield>
    <subfield code="r">2013-03-10 00:00:00</subfield>
    <subfield code="t">BOOK</subfield>
    <subfield code="w">ddc</subfield>
    <subfield code="y">0</subfield>
  </datafield>
  <datafield tag="952" ind1=" " ind2=" ">
    <subfield code="1">0</subfield>
    <subfield code="2">2013-03-10</subfield>
    <subfield code="4">0</subfield>
    <subfield code="7">0</subfield>
    <subfield code="a">922.3 &#x62C;6 &#x62C; &#x639; &#x62C;</subfield>
    <subfield code="d">2011-10-11</subfield>
    <subfield code="h">CL</subfield>
    <subfield code="i">00066131</subfield>
    <subfield code="m">CL</subfield>
    <subfield code="r">2013-03-10 00:00:00</subfield>
    <subfield code="t">BOOK</subfield>
    <subfield code="w">ddc</subfield>
    <subfield code="y">0</subfield>
  </datafield>
  <datafield tag="952" ind1=" " ind2=" ">
    <subfield code="1">0</subfield>
    <subfield code="2">2013-03-10</subfield>
    <subfield code="4">0</subfield>
    <subfield code="7">0</subfield>
    <subfield code="a">922.3 &#x62C;7 &#x62C; &#x639; &#x62C;</subfield>
    <subfield code="d">2011-10-11</subfield>
    <subfield code="h">CL</subfield>
    <subfield code="i">00066130</subfield>
    <subfield code="m">CL</subfield>
    <subfield code="r">2013-03-10 00:00:00</subfield>
    <subfield code="t">BOOK</subfield>
    <subfield code="w">ddc</subfield>
    <subfield code="y">0</subfield>
  </datafield>
  <datafield tag="952" ind1=" " ind2=" ">
    <subfield code="1">0</subfield>
    <subfield code="2">2013-03-10</subfield>
    <subfield code="4">0</subfield>
    <subfield code="7">0</subfield>
    <subfield code="a">922.3 &#x62C;8 &#x62C; &#x639; &#x62C;</subfield>
    <subfield code="d">2011-10-11</subfield>
    <subfield code="h">CL</subfield>
    <subfield code="i">00066129</subfield>
    <subfield code="m">CL</subfield>
    <subfield code="r">2013-03-10 00:00:00</subfield>
    <subfield code="t">BOOK</subfield>
    <subfield code="w">ddc</subfield>
    <subfield code="y">0</subfield>
  </datafield>
</record>
